Normal view
MARC view
Entry Topical Term
001 - CONTROL NUMBER
- control field: 74367
003 - CONTROL NUMBER IDENTIFIER
- control field: dpl
005 - DATE AND TIME OF LATEST TRANSACTION
- control field: 20241129124744.0
008 - FIXED-LENGTH DATA ELEMENTS
- fixed length control field: 241129|| aca||aabn | a|a d
040 ## - CATALOGING SOURCE
- Original cataloging agency: dpl
- Transcribing agency: dpl
150 ## - HEADING--TOPICAL TERM
- Topical term or geographic name as entry element: Short Stories, Hindi
670 ## - SOURCE DATA FOUND
- Source citation: Work cat.: (dpl)207220: गर्ग, सुबोध 74366, गुलिवर की रोमांचक यात्राएं /, 2022
